000 00398nam a22001457a 4500
999 _c7674
_d7672
005 20210319111742.0
008 210319b ||||| |||| 00| 0 eng d
082 _a346.066
100 _aAIYAR, A.N.
_96466
245 _aCOMPANY CASES THE CORPORATE LAW WEEKLY [VOL-157]
260 _aCHENNAI
_bCOMPANY LAW INSTITUTE OF INDIA
_c2010
300 _a552,i-xxviii;p
650 _aLAW
_95701
942 _cJRL